The self-help way to treat colitis and other IBS disorders / (Record no. 3710)

MARC details
000 -LEADER
fixed length control field 00738nam a22002057a 4500
003 - CONTROL NUMBER IDENTIFIER
control field OSt
005 - DATE AND TIME OF LATEST TRANSACTION
control field 20250204020056.0
008 - FIXED-LENGTH DATA ELEMENTS--GENERAL INFORMATION
fixed length control field 250204b |||||||| |||| 00| | eng d
020 ## - INTERNATIONAL STANDARD BOOK NUMBER
International Standard Book Number 0-87983-546-X
040 ## - CATALOGING SOURCE
Transcribing agency JMCFI - Learning Resource Center
082 ## - DEWEY DECIMAL CLASSIFICATION NUMBER
Classification number F.P./G.Ed. 616.3'42 G441 1992
100 ## - MAIN ENTRY--PERSONAL NAME
Personal name Gibbons, De Lamar
9 (RLIN) 9287
245 ## - TITLE STATEMENT
Title The self-help way to treat colitis and other IBS disorders /
Statement of responsibility, etc. De Lamar Gibbons.
260 ## - PUBLICATION, DISTRIBUTION, ETC.
Place of publication, distribution, etc. Connecticut :
Name of publisher, distributor, etc. Keats Publishing, Inc. ,
Date of publication, distribution, etc. 1992.
300 ## - PHYSICAL DESCRIPTION
Extent xvi, 157 pages :
Other physical details black and white, illus. ;
Dimensions 21 cm
500 ## - GENERAL NOTE
General note Includes appendixes and biographical records.
504 ## - BIBLIOGRAPHY, ETC. NOTE
Bibliography, etc. note Includes bibliographical references.
650 ## - SUBJECT ADDED ENTRY--TOPICAL TERM
Topical term or geographic name entry element Irritable colon
General subdivision Diet therapy.
9 (RLIN) 9288
942 ## - ADDED ENTRY ELEMENTS (KOHA)
Source of classification or shelving scheme Dewey Decimal Classification
Koha item type Books
Suppress in OPAC No
Holdings
Withdrawn status Lost status Source of classification or shelving scheme Damaged status Not for loan Home library Current library Shelving location Date acquired Total Checkouts Full call number Barcode Date last seen Copy number Price effective from Koha item type
    Dewey Decimal Classification     LRC - College (Main) LRC - College (Main) Foreign Publications - General Education 11/14/2019   F.P./G.Ed. 616.3'42 G441 1992 00005491 02/04/2025 1 02/04/2025 Books